000 00504nam a2200181Ia 4500
005 20250508152506.0
008 008 250505s9999 xx 000 0 eng d
037 _aBooks to be hide in OPAC
040 _aFEDL
_beng
_cFEDL
041 _aeng
_2eng
084 _a738.609 54, GAN
_qFEDL
100 _aGangoly O C
245 0 _aIndian terracotta art
260 _aCalcutta, India
_bRupa and Co.
_c1959
300 _a17p.
942 _cHB
_h738.609 54, GAN
999 _c1336776
_d1336776